=LDR 00000nam 2200000 4500 =001 INLIS000000000028594 =005 20200324070102 =035 ##$$a 0010-061300000028594 =008 200324################g##########0#ind## =041 ##$$a Ind =082 ##$$a 297.41 =090 ##$$a 297.41, Jah t =100 ##$$a Jahid, Ridha =245 1#$$a Tahukah anda ?, /$c Ridha Jahid =260 ##$$a Jakarta :$b Cahaya,$c 2007 =300 ##$$a 318 hlm, : $b Ilus. ; $c 11 x 18 cm =650 #4$$a Ibadah =850 ##$$a NBPNMAT =020 ##$$a 978-979-3259-83-3 =084 ##$$a 297.41 JAH t =250 ##$$a cet.2 =990 ##$$a 30709823